Význam dôvery v modernom marketingovom manažmente s akcentom na vzťahy so zákazníkmi

Východiská chápania pojmu dôvera s akcentom na filozoficko-sociologické ponímanie. Pojem dôvera podľa Giddensa. Význam dôvery v modernom marketingovom manažmente s akcentom na vzťahy so zákazníkmi.

Enregistré dans:
Détails bibliographiques
Auteur principal: Samuhelová, Magdalena
Autres auteurs: Gubíniová, Katarína
Format: Chapitre de livre
Langue:slovaque
Sujets:
Tags: Ajouter un tag
Pas de tags, Soyez le premier à ajouter un tag!

MARC

LEADER 00000naa a2200000 4500
001 0196642
005 20220722104308.8
041 0 |a slo 
044 |a SK 
245 1 0 |a Význam dôvery v modernom marketingovom manažmente s akcentom na vzťahy so zákazníkmi  |c Magdalena Samuhelová, Katarína Gubíniová 
520 |a Východiská chápania pojmu dôvera s akcentom na filozoficko-sociologické ponímanie. Pojem dôvera podľa Giddensa. Význam dôvery v modernom marketingovom manažmente s akcentom na vzťahy so zákazníkmi. 
610 2 0 |a riadenie vzťahov so zákazníkmi 
610 2 0 |a marketing manažment 
610 2 0 |a sociológia 
610 2 0 |a správanie spotrebiteľa 
100 1 |a Samuhelová, Magdalena 
700 1 |a Gubíniová, Katarína